000 00531nam a2200193Ia 4500
005 20250508165706.0
008 008 250505s9999 xx 000 0 eng d
037 _aTextual
040 _aFEDL
_beng
_cFEDL
041 _aeng
_2eng
084 _a574.87, GRI
_qFEDL
100 _aGribbin John
245 0 _aIn search of the double helix : darwin, DNA and beyond
260 _aLondon, UK
_bCorgi Book
_c1985
300 _a369p.
365 _aINR
_b100
942 _cTEXL
_h574.87, GRI
999 _c1396783
_d1396783